Score 0/11 Timer 08:00
0 Plays Today
2010 % Correct
Thrill RideTower of Terror
83%
RideThe Great Movie Ride
61.1%
RideStar Tours
49.4%
Thrill RideRockin Roller Coaster
45.1%
3D ShowMuppet Vision 3D
38%
ShowFantasmic
37.6%
Game/RideToy Story Midway Mania
30.6%
RideStudio Backlot Tour
18.1%
ShowThe American Idol Experience
15.2%
ShowIndiana Jones Epic Stunt Show
7.9%
Car ShowLights Motor Action Extreme Stunt Show
7.9%

You're not logged in!

Compare scores with friends on all Sporcle quizzes.
OR
Log In

Sporcle TV

Today on Sporcle TV


Watch our educational content, quiz creation guides, and fun videos on Sporcle TV.

Show Comments

Extras

Top Quizzes Today


Score Distribution

Paid Content

Your Account Isn't Verified!

In order to create a playlist on Sporcle, you need to verify the email address you used during registration. Go to your Sporcle Settings to finish the process.

Report this User

Report this user for behavior that violates our Community Guidelines.

Details: